Top 5 Most Famous by First Name: U - Statistics

General Stats
  • This quiz has been taken 6 times
  • The average score is 3 of 42
Answer Stats
First Name Last Name Hint Lifespan % Correct
Uma Thurman Actress / Writer / Producer / Model 1970-
100%
Ursula Andress Actress / Model / Sex Symbol 1936-
40%
Ursula K. Le Guin Author 1929-2018
40%
Una Stubbs Actress / TV Personality / Dancer 1937-
40%
Umar Akmal Cricketer 1990-
20%
Una Healy Singer-Songwriter / Musician / TV Presenter 1981-
20%
Una Merkel Actress 1903-1986
20%
Ursula von der Leyen Politician / Physician / President of the European Commission 1958-
20%
Umer Adamanov Crimean Tatar Soldier / Partisan Detachment Leader 1916-1943
0%
Umair Ali Cricketer 1986-
0%
Umer Chapra Economist 1933-
0%
Ubaid CK Footballer 1990-
0%
Una Damon Actress 1964-
0%
Ursula Eriksson "Crazy Twin" 1967-
0%
Umar Farouk Abdulmutallab "Underwear Bomber" 1986-
0%
Usama Fayyad Data-Scientist / Co-Founder of ACM & SIGKDD 1963-
0%
Ursula Franklin Metallurgist / Research Physicist / Author / Educator 1921-2016
0%
Umar Gul Cricket Coach / Cricketer 1984-
0%
Umair Haque Director of the Havas Media Lab / Blogger / Author ????-
0%
Usama Hasan Senior Researcher in Islamic Studies ????-
0%
Umayr ibn al-Hubab al-Sulami Chieftan of the Banu Sulaym Tribe / Umayyad General / Main Leader of the Qaysi Tribes ???-689
0%
Umayr ibn al-Walid Governor of Egypt for the Abbasid Caliphate ???-829
0%
Usama ibn Munqidh Poet / Author / Faris / Diplomat 1095-1188
0%
Umayr ibn Sa'd al-Ansari Companion of Muhammad 600s
0%
Umayr ibn Wahb Companion of Muhammad ???-???
0%
Umar II Caliph 682-720
0%
Umair Jaswal Actor / Singer-Songwriter / Music Producer 1986-
0%
Umair Khan Cricketer 1985-
0%
Umer Khan Cricketer 1999-
0%
Umme Kulsum Smrity Bangladeshi Politician 1963-
0%
Umair Masood Cricketer 1997-
0%
Una Morris Sprinter 1947-
0%
Usama Mukwaya Screenwriter / Film Director / Producer / TV Host 1989-
0%
Uma Padmanabhan Actress 1965-
0%
Uma Riyaz Khan Actress 1975-
0%
Umar Sadiq Footballer 1997-
0%
Uma Shankari Actress 1982-
0%
Umer Shareef Comedian / Actor / Producer / Writer / Composer / Author / Poet / TV Personality 1960-
0%
Umer Tanveer Pakistani Politician ????-
0%
Uma Ukpai Christian Leader / Evangelist / Preacher 1945-
0%
Ubaid Ullah Mayar Pakistani Politician ????-
0%
Usama Young Football Safety 1985-
0%
No matching quizzes found
Score Distribution
Percent of People with Each Score
Percentile by Number Answered
Your Score History
You have not taken this quiz